| 000 | 00823nam a2200133Ia 4500 | ||
|---|---|---|---|
| 008 | 171212s9999 xx 000 0 und d | ||
| 020 | _a9780833088307 | ||
| 100 | _aChase, Michael S.;Engstrom, Jeffrey;Cheung, Tai Ming;Gunness, Kristen A.;Harold, Scott Warren;Puska, Susan;Berkowitz, Samuel K. | ||
| 245 |
_cChase, Michael S.;Engstrom, Jeffrey;Cheung, Tai Ming;Gunness, Kristen A.;Harold, Scott Warren;Puska, Susan;Berkowitz, Samuel K. _aChina’s Incomplete Military Transformation _bAssessing the Weaknesses of the People’s Liberation Army (PLA) |
||
| 260 |
_bRAND Corporation _c2015 |
||
| 650 | _aChina. Zhongguo ren min jie fang jun; China -- Military policy; China -- Strategic aspects; Defense industries -- China; China -- Defenses | ||
| 650 | _aHistory | ||
| 856 | _uhttp://www.jstor.org/stable/10.7249/j.ctt13x1fwr | ||
| 999 |
_c351858 _d351858 |
||